LEADER 01235nam a2200289 u 4500 001 000000061303 003 CaOOAMICUS 005 20131203120751.0 008 010904s1985 miuc u000 u eng u 020 $a0802842704 035 $a10901328 040 $aPUL(R)$bita 100 1 $aAllen, Prudence.$0(OLS)http://pul/name/41852 245 14$aThe concept of woman :$bthe aristotelian revolution 750 b.c. - a.d. 1250 /$cPrudence Allen. 260 $aGrand Rapids :$bEerdmans,$c1985. 300 $axxiv, 583 p. :$britr. ;$c25 cm 500 $aContiene indici. 504 $aBibliografia in nota. 600 04$aAristoteles,$d384-322 a.C.$xConcezione della donna.$0(OLS)http://pul/subject/39942 650 4$aDonna$xCondizioni sociali e morali.$0(OLS)http://pul/subject/9369 650 4$aDonna$yEvo medio.$0(OLS)http://pul/subject/1734 850 $aPUL 852 $aPUL$W1$xSL Filosofia 3$y81$m185 ALLPR 1$j79886$nBK-PRI$qDDC 21$B79886$CPULBib$Z2$F79886 $81 941 1 $a9 996 $6020$a0802842704$9(OLS)http://pul/number/79423 996 $6245$aThe concept of woman :$bthe aristotelian revolution 750 b.c. - a.d. 1250$9(OLS)http://pul/title/81844 996 $6260$aGrand Rapids :$bEerdmans$9(OLS)http://pul/publisher/69000 LEADER 01305nam a2200301 a 4500 001 000000167116 003 CaOOAMICUS 005 20180416144622.0 008 180416s1997 it u000 u ita r 020 $a88-04-45999-9* 032 $aLibriCat 040 $aPUL$bita 100 1 $aVegetti Finzi, Silvia,$d1938-$0(OLS)http://pul/name/34127 245 10$aVolere un figlio : $bla nuova maternità fra natura e scienza / $cSilvia Vegetti Finzi ; con un saggio di Carlo Flamigni e Marina Mengarelli. 260 $aMilano :$bMondadori,$c1997. 300 $a305 p. ;$c20 cm. 490 1 $aOscar saggi ;$v607 650 4$aMaternità.$0(OLS)http://pul/subject/20606 700 1 $aFlamigni, Carlo.$0(OLS)http://pul/name/107754 700 1 $aMengarelli, Marina.$0(OLS)http://pul/name/107755 830 0$aOscar saggi ;$v907.$0(OLS)http://pul/title/40677 850 $aPUL 852 $aPUL$W1$xDP1 Tesi Fac. It. Centrale$y118$m2 B 70$j156787$qFondi$B194657$CPULBib$Z2$F194657 $HDal2888 $81 941 1 $a1 996 $6020$a88-04-45999-9*$9(OLS)http://pul/number/163795 996 $6245$aVolere un figlio : $bla nuova maternità fra natura e scienza / $9(OLS)http://pul/title/206988 996 $6260$aMilano :$bMondadori$9(OLS)http://pul/publisher/50297